Budapest statisztikai évkönyve 1993

Na minha lista:
Detalhes bibliográficos
Formato: Livro
Idioma:húngaro
Publicado em: Budapest Központi statisztikai hivatal 1994
Edição:1. kiadás.
Tags: Adicionar Tag
Sem tags, seja o primeiro a adicionar uma tag!

MARC

LEADER 00000nam a2200000 4500
001 c010308
005 20251202141000.0
041 0 |a hun 
044 |a HU 
245 1 0 |a Budapest statisztikai évkönyve 1993 
250 |a 1. kiadás. 
264 1 |a Budapest  |b Központi statisztikai hivatal  |c 1994 
300 |a 286 s.